Stade des Finales du Top14 - Statistiques

Statistiques générales
  • Ce quiz a été pris 114 fois
    101 depuis la dernière actualisation
  • Le résultat moyen est 4 sur 16
Statistiques - réponses
Hint Réponse % Correct
Lieu de 23 des 25 dernières finales. Stade de France
97%
Lieu de 29 finales se qui constitue encore aujourd'hui un record. Parc des Princes
67%
Lieu d'une finale en 2016, la seule a l'étranger et celle avec le record d'affluence. Camp Nou
53%
Lieu de 13 finales 1951 et 1973. Le Stade Toulousain délocalise ses grosses rencontres la-bas. Stadium de Toulouse
39%
Lieu de 3 finales, dont la denière en date. Stade Vélodrome
33%
Lieu de 11 finales, la première en 1924 qui voit le Stade Toulousain triompher. Ce stade est connu pour son interminable couloir et est le stade résident du club de rugby avec la plus forte affluence d'Europe. Il est nommé en l'honneur de l'ancien maire de la ville et premier ministre. Stade Chaban-Delmas
31%
Lieu de 5 finales après 1950 dont la première victoire de l'AS Béziers en 1961. Il est aujourd'hui le stade résident du LOU. Stade Gerland
30%
Lieu de 3 finales en 1908 et 1913, il a accueillit les épreuve de hockey sur Gazon lors des derniers JO. Le racing 92 devrais y retourner en 2025. Stade Yves-du-Manoir
18%
Lieu de 7 finales entre 1905 et 1922, dont la premier qui voit un club non francilien l'emporter pour la premier fois en 1905. Il est aujourd'hui le stade résident du Stade Bordelais. Stade Sainte Germaine
7%
Lieu de 16 finales entre 1900 et 1950, il est l'ancien stade du Stade Toulousain. Stade des Ponts-Jumeaux.
6%
Lieu d'une finale en 1904, il s'y déroule la revanche entre le Stade Bordelais et le Stade Français. Parc de la Faisanderie
1%
Lieu d'une finale, la première dans "la capitale du rugby", en 1903. Parc de la prairie des Filtres
1%
Lieu d'une seule finale en 1921, il voit l'USAP devenir champion pour la première fois. Il est situé à Béziers. Parc des Sports de Sauclières
1%
Lieu de la première finale en dehors de Paris en 1893, bien que situé dans la petite couronne. Il est le lieu de la première victoire du Stade Français. Stade Dubonnet
1%
Lieu de la première finale en 1892. Aujourd'hui détruit, il est un parc parisien. Stade de Bagatelle
0%
Lieu d'une seule finale, en 1925, il est le stade résident du RC Narbonne. Stade de Maraussan
0%
Aucun quiz correspondant
Distribution des résultats
% des personnes avec chaque résultat
Percentile par nombre de réponses
Votre historique - résultats
Vous n’avez pas pris ce quiz depuis la dernière actualisation